| 000 | 00785nam a22002057a 4500 | ||
|---|---|---|---|
| 003 | PILC | ||
| 005 | 20160129115223.0 | ||
| 008 | 140124b xxu||||| |||| 00| 0 eng d | ||
| 020 | _a9780312274818 | ||
| 050 |
_aPS 3570.S84H86 _b.T882 2012 |
||
| 100 | _aTsukiyama, Gail | ||
| 245 |
_aA Hundred Flowers _c Gail Tsukiyama. |
||
| 300 |
_a288 p. : _bill. ; _c22 cm. |
||
| 520 | _aA tale set during the Chinese Cultural Revolution follows the struggles of Kai Ying to safeguard her family when her teacher husband is arrested and sent to a "reeducation" labor camp for criticizing the Communist Party. | ||
| 650 | _aFamilies -- China -- Fiction. | ||
| 650 | _aChina -- History -- 20th century -- Fiction. | ||
| 650 | _aFamilies -- Fiction. | ||
| 942 |
_2lcc _cBK |
||
| 999 |
_c26108 _d26108 |
||